000 00963nam a2200265Ia 4500
001 21972
005 20260320113330.0
008 260320s9999||||xx |||||||||||||| ||und||
020 _a9789972467417
041 _aESP
082 _a305.5520985
_bG23
100 _aGarcía Liendo, Javier,
_eEDT
245 0 _aIntelectuales, política y producción cultural en el Perú de los 70
_b
246 _a
_5
_b
250 _aPrimera edición
260 _aLima :
_bUniversidad Nacional Mayor de San Marcos, Fondo Editorial,
_c2024
300 _a349 páginas :
_b
_c24 cm.
_e
440 _a
_n
_v
650 _aCIS
653 _aGrupos sociales; Clases sociales - Intelectuales; Intelectualidad - Perú; Política - Cultura; Gobierno militar; Producción cultural
654 _aCHU
700 _aMitrovic, Mijail,
_cEDT
856 _uhttps://0u20jme4p-y-https-www-jstor-org.itmsp.museknowledge.com/
_zVéase además: Base de datos JSTOR
942 _cLIB
_dJUS
_fTRC
_2ddc
_n
999 _c21972
_d21972